Fr. Conceicao Rodrigues College of Engineering

Mobile computing:Theory and practice (Record no. 24706)

MARC details
000 -LEADER
fixed length control field 00385nam a2200169Ia 4500
082 ## - DEWEY DECIMAL CLASSIFICATION NUMBER
Classification number 621.382
Item number GAR
100 ## - MAIN ENTRY--PERSONAL NAME
Personal name Garg/Kum Kum
245 ## - TITLE STATEMENT
Title Mobile computing:Theory and practice
260 ## - PUBLICATION, DISTRIBUTION, ETC.
Name of publisher, distributor, etc. Pearson Education
Date of publication, distribution, etc. 2003
366 ## - TRADE AVAILABILITY INFORMATION
Publishers's discount category 25
300 ## - PHYSICAL DESCRIPTION
Extent 528
546 ## - LANGUAGE NOTE
Language note ENGLISH
-- PAMPHALETS
650 ## - SUBJECT ADDED ENTRY--TOPICAL TERM
Topical term or geographic name entry element Mobile computing
654 ## - SUBJECT ADDED ENTRY--FACETED TOPICAL TERMS
Focus term mobile computing
942 ## - ADDED ENTRY ELEMENTS (KOHA)
Koha item type BOOK
Holdings
Withdrawn status Lost status Damaged status Not for loan Collection Home library Current library Date acquired Source of acquisition Cost, normal purchase price Inventory number Total Checkouts Full call number Barcode Date last seen Cost, replacement price Price effective from Koha item type
        CRC Fr. Agnel's C.Rodrigues College of Engineering Fr. Agnel's C.Rodrigues College of Engineering 17/03/2023 Allied Publishers 187.50 3491 dt 01/02/2011   621.382 GAR 21298 17/03/2023 250.00   BOOK
        CRC Fr. Agnel's C.Rodrigues College of Engineering Fr. Agnel's C.Rodrigues College of Engineering 17/03/2023 Allied Publishers 187.50 3491 dt 01/02/2011   621.382 GAR 21299 17/03/2023 250.00   BOOK
        CRC Fr. Agnel's C.Rodrigues College of Engineering Fr. Agnel's C.Rodrigues College of Engineering 17/03/2023 Allied Publishers 187.50 3491 dt 01/02/2011   621.382 GAR 21300 17/03/2023 250.00   BOOK
        CRC Fr. Agnel's C.Rodrigues College of Engineering Fr. Agnel's C.Rodrigues College of Engineering 17/03/2023 Allied Publishers 187.50 3491 dt 01/02/2011   621.382 GAR 21301 17/03/2023 250.00   BOOK
        CRC Fr. Agnel's C.Rodrigues College of Engineering Fr. Agnel's C.Rodrigues College of Engineering 17/03/2023 Allied Publishers 187.50 3491 dt 01/02/2011   621.382 GAR 21302 17/03/2023 250.00   Reference Book